| Tag |
First Indicator |
Second Indicator |
Subfields |
| LEADER |
00000pam a2200000 i 4500 |
| 001 |
in00000287607 |
| 005 |
20151010075622.0 |
| 008 |
770811c19771975ctua b 00110 eng |
| 010 |
|
|
|a 77012215
|
| 020 |
|
|
|a 0870552406
|
| 035 |
|
|
|a (OCoLC)03240585
|
| 035 |
|
|
|9 ABF4326AM
|
| 040 |
|
|
|a DLC
|c DLC
|d TXA
|d UtOrBLW
|
| 049 |
|
|
|a TXAM
|c [1556877]
|
| 050 |
0 |
0 |
|a S591
|b .F59 1977
|
| 082 |
0 |
|
|a 631.4
|
| 100 |
1 |
|
|a Flegmann, A. W.
|
| 245 |
1 |
0 |
|a Soils and other growth media /
|c A. W. Flegmann, Raymond A. T. George.
|
| 250 |
|
|
|a American ed.
|
| 264 |
|
1 |
|a Westport, Conn. :
|b Avi Pub. Co.,
|c 1977
|
| 264 |
|
4 |
|c ©1975
|
| 300 |
|
|
|a 170 pages :
|b illustrations ;
|c 22 cm.
|
| 336 |
|
|
|a text
|b txt
|2 rdacontent
|
| 337 |
|
|
|a unmediated
|b n
|2 rdamedia
|
| 338 |
|
|
|a volume
|b nc
|2 rdacarrier
|
| 490 |
1 |
|
|a Avi textbook series
|
| 504 |
|
|
|a Includes bibliographical references and index.
|
| 650 |
|
0 |
|a Soil science.
|
| 650 |
|
0 |
|a Plant growing media, Artificial.
|
| 700 |
1 |
|
|a George, Raymond A. T.
|
| 830 |
|
0 |
|a AVI textbook series.
|
| 999 |
|
|
|a MARS
|
| 999 |
f |
f |
|s 20118151-90d2-3d02-94bd-5c65e2cc2315
|i c49e0f6b-f9ab-3663-b3a3-f52fd63f5438
|t 0
|
| 952 |
f |
f |
|p ric
|a Texas A&M University
|b Rellis Campus
|c Joint Library Facility
|d Remote Storage
|t 0
|e S591 .F59 1977
|h Library of Congress classification
|i unmediated -- volume
|m A14805182155
|
| 998 |
f |
f |
|a S591 .F59 1977
|t 0
|l Remote Storage
|